[Event "Niedersachsen-ch"]
[Site "Verden"]
[Date "2006.01.07"]
[Round "6"]
[White "Basse, Heino"]
[Black "Schumacher, Klaus"]
[Result "0-1"]
[WhiteElo "1451"]
[BlackElo "1915"]
[PlyCount "112"]
[EventDate "2006.01.??"]
[EventType "swiss"]
[EventRounds "7"]
[EventCountry "GER"]
[SourceTitle "CBM 110 Extra"]
[Source "ChessBase"]
[SourceDate "2006.03.10"]
[SourceVersion "2"]
[SourceVersionDate "2006.03.10"]
[SourceQuality "1"]

1. e4 c5 2. Nf3 Nc6 3. d4 cxd4 4. Nxd4 e6 5. Nc3 Bb4 6. Nxc6 Bxc3+ 7. bxc3 bxc6 8. Be2 Bb7 9. e5 Qa5 10. Rb1 Ba6 11. Qd6 Ne7 12. Bxa6 Qxa6 13. Ba3 Nc8 14. Rb8 Rxb8 15. Qxb8 f6 16. f4 Rg8 17. Qb4 Qb6 18. Qxb6 axb6 19. Kd2 Ne7 20. Rb1 b5 21. c4 fxe5 22. fxe5 bxc4 23. Rb8+ Kf7 24. Rxg8 Nxg8 25. Bd6 Ke8 26. Kc3 Kd8 27. Kxc4 Kc8 28. Bf8 Nh6 29. h3 Nf5 30. g4 Ne3+ 31. Kd3 Nd1 32. Ke2 Nc3+ 33. Kd3 Nd5 34. Kc4 g6 35. Bh6 Kc7 36. Kc5 Nc3 37. Kc4 Nd1 38. h4 Nf2 39. g5 Ne4 40. Kd3 Ng3 41. Kc4 Nf5 42. Kc5 Nxh4 43. a4 Nf3 44. a5 Nxe5 45. a6 d6+ 46. Kd4 Kb6 47. Bf8 Nf7 48. Be7 Kxa6 49. Kc4 Kb6 50. Bf6 d5+ 51. Kd4 c5+ 52. Kc3 Kb5 53. Kb3 c4+ 54. Kc3 e5 55. Kd2 d4 56. c3 d3 0-1